00482nam a2200193Ia 4500008004100000020001800041245002500059245003500084245002300119260001500142260001600157260000900173300001600182300002500198300001000223440002700233500000900260999001900269170705s9999 xx 000 0 und d a9780545019903 aUp before daybreak : bcotton and people in America / cDeborah Hopkinson. aNew York : bScholastic, c2006 a120 pages : bcolor illustration ; c21cm. aScholastic nonfiction. a1060 c336654d336654